Quiz Geografía - Cosas prohibidas - Estadísticas

Estadísticas generales
  • Esta prueba ha sido intentada 141 veces
  • La puntuación promedio es 6 de 13
Estadísticas de respuestas
Cosa/Acción prohibida País % Correcto
Reencarnación sin autorización estatal China
83%
Fabricar o vender lencería de encaje Bielorrusia/Kazajistán/Rusia
72%
Mostrar el pelo en la vía pública (exclusivo para mujeres...) Irán
71%
Usar jeans de color azul Corea del Norte
70%
Goma de mascar/Chicle Singapur
62%
Pagar 30 dólares con 30 monedas de un dólar Canadá
54%
Celebrar el día de San Valentín Pakistán
40%
Ropa de color amarillo Malasia
33%
Ballet Turkmenistán
31%
Usar tacos altos en monumentos históricos Grecia
25%
Vestir ropa de colores camuflados Jamaica/Santa Lucía/Antigua y Barbuda/Barbados
24%
Salir a correr en grupo Burundi
10%
No es un país, sino un territorio de ultramar, pero prohibió la entrada de McDonald's y Burger King así que lo vamos a destacar. Bermuda
8%
No se encontraron pruebas coincidentes
Distribución de puntuación
Porcentaje de gente con cada puntuación
Porcentaje por número respondido
Historial de tus puntuaciones
No has intentado esta prueba.